Ils ont été anoblis par Elisabeth II (3) - Statistiques

Statistiques générales
  • Ce quiz a été pris 4 fois
  • Le résultat moyen est 5 sur 48
Statistiques - réponses
Hint Réponse % Correct
Ecrivain(e) 1890-1976 C Agatha {Christie}
100%
Ecrivain(e) 1907-1989 M Daphné du {Maurier}
67%
Explorateur 1919-1953 H Edmund {Hillary}
67%
Ecrivain(e) 1947 R Salman {Rushdie}
67%
Ecrivain(e) 1901-2000 C Barbara {Cartland}
33%
Dirigeant d'entreprise 1954 G Carlos {Ghosn}
33%
Décorateur 1921-2016 A Ken {Adam}
33%
Ecrivain(e) 1920-2014 J P. D. {James}
33%
Ecrivain(e) 1948-2015 P Terry {Pratchett}
33%
Instrumentiste 1916-1999 M Yehudi {Menuhin}
33%
Ingénieur / Inventeur 1906-1988 I Alec {Issigonis}
0%
Economiste 1944-2017 A Anthony B. {Atkinson}
0%
Ecrivain(e) 1917-2008 C Arthur C. {Clarke}
0%
Ingénieur / Inventeur 1887-1979 W Barnes {Wallis}
0%
Ingénieur / Inventeur 1933-2018 K Charles {Kao}
0%
Ingénieur / Inventeur 1910-1999 C Christopher {Cockerell}
0%
Ecrivain(e) 1939-2013 F David {Frost}
0%
Dessinateur 1891-1963 L David {Low}
0%
Instrumentiste 1929-2016 M George {Martin}
0%
Compositeur 1934-2022 B Harrison {Birtwistle}
0%
Humoriste 1921-2001 S Harry {Secombe}
0%
Ecrivain(e) 1884-1969 C B Ivy {Compton-Burnett}
0%
Ecrivain(e) 1947 D James {Dyson}
0%
Ecrivain(e) 1906-1984 B John {Betjeman}
0%
Ecrivain(e) 1923-2009 M John {Mortimer}
0%
Dirigeant d'entreprise 1912-2008 T John {Templeton}
0%
Humoriste 1927-2018 D Ken {Dodd}
0%
Ecrivain(e) 1922-1995 A Kingsley {Amis}
0%
Compositeur 1921-2006 A Malcolm {Arnold}
0%
Ecrivain(e) 1939 D Margaret {Drabble}
0%
Danseuse 1919-1991 F Margot {Fonteyn}
0%
Economiste 1948 K Mervyn {King}
0%
Humoriste 1943 P Michael {Palin}
0%
Ecrivain(e) 1918-2006 S Muriel {Spark}
0%
Dramaturge 1895-1982 M Ngaio {Marsh}
0%
Critique et historien de l'art 1902-1983 P Nikolaus {Pevsner}
0%
Dramaturge 1899-1973 C Noël {Coward}
0%
Humoriste 1915-2010 W Norman {Wisdom}
0%
Ecrivain(e) 1915-2011 L F Patrick {Leigh Fermor}
0%
Humoriste 1881-1975 W Pelham Grenville {Wodehouse}
0%
Compositeur 1934-2016 D Peter Maxwell {Davies}
0%
Ecrivain(e) 1926-2016 S Peter {Shaffer}
0%
Dirigeant d'entreprise 1957 M Philip {May}
0%
Dirigeant d'entreprise 1950 B Richard {Branson}
0%
Ecrivain(e) 1930-2015 R Ruth {Rendell}
0%
Dirigeant d'entreprise 1967 H I Stelios {Haji-Ioannou}
0%
Explorateur 1908-1999 F Vivian {Fuchs}
0%
Dirigeant d'entreprise 1901-1985 L William {Lyons}
0%
Aucun quiz correspondant
Distribution des résultats
% des personnes avec chaque résultat
Percentile par nombre de réponses
Votre historique - résultats
Vous n’avez pas pris ce quiz